00714nam a2200241 a 4500001001300000003000900013005001700022008004100039020000900080082001300089100002100102245008100123260003500204300000900239500003500248505001000283650001700293700002100310902000800331942000700339952011100346999001500457nice12345678IN_TiNIC20260116012041.0050524s1956 newa grp 000 0 eng  ac9200a232bBUT aButtrick, George aChrist and Man`s Delammab Author of Prayer Applies His Spiritual Insight to aNew YorkbAbingdon Pressc1956 a224p aincludes index and biblioraphy2 aIndex aJesus Christ1 aButtrick, George bSRS cBK 001040708StackRoom-aHMIbHMId2007-06-15g92.00l0o232 BUTp05890r2007-06-15v92.00w2005-05-24yBK c5430d5430